| 000 | 00648nam a2200229Ia 4500 | ||
|---|---|---|---|
| 005 | 20241129104258.0 | ||
| 008 | 241129s9999||||xx |||||||||||||| ||und|| | ||
| 020 | _a9780262048194 | ||
| 037 | _aTextual | ||
| 040 |
_aRTL _beng _cRTL |
||
| 041 |
_aeng _2eng |
||
| 084 |
_aX62 N7;R3/TD _qRTL |
||
| 100 |
_aFreixas Xavier; Rochet Jean-Charles _9725589 |
||
| 245 | 0 |
_aMicroeconomics of banking _cFreixas Xavier; Rochet Jean-Charles |
|
| 250 | _a3rd | ||
| 260 |
_aLondon _bMIT Press _c2023 |
||
| 300 | _axiv,214p. | ||
| 365 |
_aINR _bRs. 6673.60 |
||
| 650 | _aBanking | ||
| 942 |
_cTB _hX62 N7;R3/TD |
||
| 999 |
_c1225200 _d1225200 |
||